000 01088nam a2200265 a 4500
001 000045413
005 20250621074009.0
008 090708s2013 dr a 000 0bspa d
040 _aDO-SdBNP
_bspa
_cBNPHU
082 _aF-RD 923.27293
_bD812i, 2013
100 1 _aDuarte, Juan Pablo,
_d1813-1876
_91494
245 1 0 _aIdeario de Duarte /
_ccompilado y anotado por Vetilio Alfau Durán ; presentación José Joaquín Pérez Saviñon.
250 _a37a. ed.
260 _aSanto Domingo :
_bInstituto Duartiano,
_bMuseo y Casa de Duarte,
_c2013.
300 _a38 p. ; :
_bil., retrs. ;
_c14 cm.
504 _aBibliografía : p. 37-38
590 _aInventariado, 2019/BT
600 1 0 _aDuarte, Juan Pablo,
_d1813-1876
_91494
651 4 _aRepública Dominicana
_xConstitución
_91008
651 4 _aRepública Dominicana
_xHistoria
_y1844-1930
_xFuentes
_938423
651 0 _aRepública Dominicana
_xPolítica y gobierno
_945
700 1 _aAlfau Durán, Vetilio,
_d1909-1985
_ecomp.
_910091
700 1 _aPérez Saviñón, José Joaquín
_955022
910 _aValidado. Control de calidad MFF
999 _c44902
_d44902